000 00258nam a2200097Ia 4500
001 777382
005 20250826165905.0
008 250824s9999 xx 000 0 und d
245 0 _aGÜLLERİN SOLDUĞU GÜN
_cAHMET HALDUN TERZİOĞLU
260 _bPANAMA YAYINLARI
999 _c777382
_d777382